00736nam a2200217 a 450000100100000000500170001000800410002704000250006808200190009310000360011224500310014826000540017930000250023365000270025865000290028565000480031491000070036204900090036995201230037899900170050100001972520200929170121.0100705s1972 cu 000 p spa d aDO-SdBNPbspacBNPHU aCh861.4bN454p0 aNeruda, Pablo,d1904-19739916410aPoesías /cPablo Neruda. aLa Habana, Cuba :bCasa de las Américas,c1972. axv, 343 p. ;c20 cm. 4aPoesía chilena99166 4aLiteratura chilena93164 4aLiteratura latinoaméricanaySIGLO XX9203 aWM aBNGR 001054708MOaGRbGRcHDd2010-07-05iLF1l0oCh861.4 N454pp19725-10r2020-06-25w2020-06-25y4ZPréstamo en sala c19239d19239